Aplicación del filtro de Kalman a la estimación de elasticidades variables en el mercado del trabajo chileno (1971-85).

Bibliographic Details
Main Author: Meller, Patricio
Other Authors: Labán, Raúl
Format: Libro
Language:English
Published: Santiago, Chile Cieplan 1987
Series:Notas técnicas 105
Subjects:

MARC

LEADER 00000cam a2200000 a 4500
001 028968
003 UAHC_CL
005 20170803123019.0
008 010822b xx j 000 1 eng
040 |a UAHC_CL  |c UAHC_CL  |d UAHC_CL 
082 0 4 |a CIEPLAN031-1834 
100 1 |a Meller, Patricio 
245 1 0 |a Aplicación del filtro de Kalman a la estimación de elasticidades variables en el mercado del trabajo chileno (1971-85). 
260 |b Cieplan  |c 1987  |a Santiago, Chile 
300 |a 56 p. 
490 0 |a Notas técnicas  |v 105 
650 4 |a ECONOMIA  |z CHILE 
650 4 |a MERCADO DEL TRABAJO 
700 1 |a Labán, Raúl 
900 |a CIEPLAN031-1834 
942 |c BK 
952 |0 0  |1 0  |4 0  |6 CIEPLAN_0311834  |7 0  |8 General  |9 56946  |a BC  |b BC  |c General  |d 2017-08-03  |l 0  |o CIEPLAN031-1834  |p 1314108  |r 2019-01-04 00:00:00  |t 1  |w 2017-08-03  |y BK 
999 |c 28968  |d 28968